Famous Fictional Pigs 🐷 - Statistics

General Stats
  • This quiz has been taken 31 times
  • The average score is 10 of 17
Answer Stats
Debut Hint Pig % Correct
1935 Stuttering Looney Tunes pig Porky Pig
97%
1800s Pig brothers who build with different materials The Three Little Pigs
97%
1974 Muppet who has a temperamental diva superstar personality Miss Piggy
90%
1926 Winnie-the-Pooh's very small, timid friend Piglet
83%
1983 Farm pig who wants to do the work of a sheepdog Babe
80%
2004 Protagonist of British preschool animated series Peppa
80%
1994 Lion King warthog always paired with meerkat Timon Pumbaa
80%
1945 Tyrannical Stalin-like pig from Animal Farm Napoleon
67%
2007 Homer's pig in The Simpsons Movie Spider-Pig
53%
1952 Livestock pig who befriends a spider named Charlotte Wilbur
53%
1937 Pigtailed Looney Tunes character who wears a dress Petunia Pig
50%
1987 TMNT mutant warthog always paired with rhino Rocksteady Bebop
40%
1995 Toy Story piggy bank Hamm
37%
1986 Sometimes humanoid, sometimes porcine Zelda antagonist Ganon
33%
1945 Trotsky-like rival revolutionary pig from Animal Farm Snowball
30%
1983 Alternate-spiderverse Spider-Man Spider-Ham
23%
1945 Pig in Animal Farm whose speech starts the rebellion Old {Major}
20%
No matching quizzes found
Score Distribution
Percent of People with Each Score
Percentile by Number Answered
Your Score History
You have not taken this quiz